[Event "European Rapid 2014"]
[Site "Wroclaw POL"]
[Date "2014.12.21"]
[Round "8.51"]
[White "Gajic, Mladen"]
[Black "Stachowiak, Kamil"]
[Result "1/2-1/2"]
[BlackTitle "IM"]
[WhiteElo "2210"]
[BlackElo "2449"]
[WhiteFideId "1709178"]
[BlackFideId "1119966"]
[EventDate "2014.12.20"]

1. e4 c5 2. c3 Nf6 3. e5 Nd5 4. Nf3 e6 5. g3 Nc6 6. Bg2 d6 7. exd6 Bxd6 8. O-O
O-O 9. Na3 a6 10. Nc4 Be7 11. a4 b6 12. Qe2 Bb7 13. d3 h6 14. Bd2 Qc7 15. Rfd1
Rfd8 16. h4 Bf6 17. Nh2 b5 18. Ne3 Nxe3 19. Bxe3 Be7 20. Qh5 Na5 21. Bxb7 Qxb7
22. axb5 axb5 23. Qg4 Kf8 24. Qf3 Qxf3 25. Nxf3 Ke8 26. Kf1 Nb3 27. Rxa8 Rxa8
28. Nd2 Nxd2+ 29. Rxd2 Ra1+ 30. Ke2 Rb1 31. c4 bxc4 32. dxc4 h5 33. Kd3 f6 34.
Kc2 Ra1 35. Rd1 Ra4 36. Kb3 Rb4+ 37. Kc3 g5 38. hxg5 fxg5 39. b3 Rb7 40. Rh1 h4
41. f4 Bf6+ 42. Kc2 gxf4 43. Bxf4 hxg3 44. Bxg3 Ra7 45. Bd6 Ra2+ 46. Kd3 Rb2 47.
Bxc5 Rxb3+ 48. Kd2 Rc3 49. Rf1 Rxc4 50. Rxf6 Rxc5 51. Rxe6+ 1/2-1/2

[Event "European Rapid 2014"]
[Site "Wroclaw POL"]
[Date "2014.12.21"]
[Round "8.52"]
[White "Mihok, Oliver"]
[Black "Pultinevicius, Paulius"]
[Result "1/2-1/2"]
[WhiteTitle "IM"]
[WhiteElo "2464"]
[BlackElo "2093"]
[WhiteFideId "728012"]
[BlackFideId "12809390"]
[EventDate "2014.12.20"]

1. e4 e5 2. Nf3 Nc6 3. Bb5 a6 4. Ba4 Nf6 5. O-O Nxe4 6. d4 b5 7. Bb3 d5 8. dxe5
Be6 9. Be3 Be7 10. Nbd2 O-O 11. c3 Bg4 12. Nxe4 dxe4 13. Qd5 Qxd5 14. Bxd5 exf3
15. Bxc6 fxg2 16. Kxg2 Rad8 17. h3 Be6 18. Rfd1 Rxd1 19. Rxd1 Rd8 20. Rxd8+ Bxd8
21. a4 bxa4 22. Bxa4 f6 23. exf6 Bxf6 24. Bc6 Be5 25. Bb7 a5 26. Be4 g6 27. h4
Kf7 28. h5 gxh5 29. Bxh7 Bd6 30. Be4 a4 31. Bf3 Kg6 32. Be4+ Bf5 33. Bc6 h4 34.
f4 a3 35. bxa3 Bxa3 36. Bf2 Be7 37. Kf3 Kh6 1/2-1/2

[Event "European Rapid 2014"]
[Site "Wroclaw POL"]
[Date "2014.12.21"]
[Round "8.53"]
[White "Reimanis, Ritvars"]
[Black "Socko, Monika"]
[Result "0-1"]
[BlackTitle "GM"]
[WhiteElo "2210"]
[BlackElo "2470"]
[WhiteFideId "11602988"]
[BlackFideId "1106619"]
[EventDate "2014.12.20"]

1. d4 Nf6 2. Nf3 e6 3. g3 c5 4. c3 Nc6 5. Bg2 b6 6. O-O Bb7 7. Nbd2 d5 8. Re1
Be7 9. dxc5 bxc5 10. e4 O-O 11. exd5 exd5 12. Nb3 Ne4 13. Nfd2 f5 14. Nxe4 fxe4
15. Be3 c4 16. Nd4 Ne5 17. Ne6 Qc8 18. Nxf8 Qxf8 19. Bd4 Nd3 20. Re2 Bc8 21. f3
Bc5 22. fxe4 Bg4 23. e5 Rd8 24. Qd2 Bxd4+ 25. cxd4 Bxe2 26. Qxe2 Qb4 27. Rb1 Qb6
28. Qe3 Nb4 29. Rd1 Qe6 30. a3 Nc6 31. b3 Na5 32. bxc4 Nxc4 33. Qf3 h6 34. h4
Nb6 35. Rf1 Rc8 36. Qf5 Qxf5 37. Rxf5 Rc1+ 38. Rf1 Rc3 39. a4 Ra3 40. e6 Re3 41.
a5 Nc8 42. Bxd5 Ne7 43. Ba2 Rxg3+ 44. Kh1 Rh3+ 45. Kg2 Rd3 46. d5 Rd4 47. h5
Rg4+ 48. Kf3 Ra4 49. Rf2 Nf5 50. Rd2 Nd6 51. Bb1 Rxa5 52. Kf4 Ra4+ 53. Kf3 Kf8
54. Bg6 Ke7 55. Rc2 Nc4 56. Kf2 a5 57. Bd3 Ne5 58. Bf1 Kd6 59. Bg2 Rf4+ 60. Ke3
Rg4 61. Be4 a4 62. Rc8 a3 63. Rd8+ Ke7 64. Ra8 Nc4+ 65. Kd3 Nd6 66. Ra7+ Kf6 67.
Bg6 Rg3+ 68. Kc2 Re3 69. Kb1 Ke5 70. Ra5 Kd4 71. Kc2 Nc4 72. Ra4 Kxd5 73. Bf7
Nd6 74. Kd2 Re5 75. Bg8 Kc6 76. Kd3 Nb5 77. Ra8 Kd6 78. Ra6+ Ke7 79. Bf7 Kf6 80.
Kc2 Nd4+ 81. Kd3 Nxe6 82. Bg8 Kf5 83. Rxa3 Nf4+ 84. Kd4 Re4+ 85. Kc5 Nxh5 86.
Bh7+ g6 87. Ra6 Nf6 88. Ra7 h5 89. Rg7 Rg4 90. Bg8 Nxg8 91. Rxg8 h4 92. Kd5 Rg1
93. Rf8+ Kg4 94. Ke4 Re1+ 0-1

[Event "European Rapid 2014"]
[Site "Wroclaw POL"]
[Date "2014.12.21"]
[Round "8.54"]
[White "Nagy, Gabor1"]
[Black "Podvin, Francois-xavier"]
[Result "1-0"]
[WhiteTitle "IM"]
[WhiteElo "2422"]
[BlackElo "2181"]
[WhiteFideId "737119"]
[BlackFideId "677540"]
[EventDate "2014.12.20"]

1. Nf3 c5 2. c4 Nc6 3. d4 cxd4 4. Nxd4 g6 5. e4 Nf6 6. Nc3 Nxd4 7. Qxd4 d6 8.
Be3 Bg7 9. f3 O-O 10. Qd2 a5 11. Rd1 a4 12. Be2 Be6 13. O-O Qa5 14. Nb5 Rfc8 15.
Qxa5 Rxa5 16. Rc1 Nd7 17. Nd4 Bxd4 18. Bxd4 f5 19. exf5 gxf5 20. Rfe1 Kf7 21.
Rc3 Ne5 22. f4 Ng4 23. Rh3 Bxc4 24. Rxh7+ Kg6 25. Rxe7 Rd5 26. Bc3 Bxe2 27.
R7xe2 a3 28. Re7 axb2 29. R1e6+ Kh5 30. Rh7+ 1-0

[Event "European Rapid 2014"]
[Site "Wroclaw POL"]
[Date "2014.12.21"]
[Round "8.55"]
[White "Bodnaruk, Anastasia"]
[Black "Tworzydlo, Piotr"]
[Result "1-0"]
[WhiteTitle "IM"]
[WhiteElo "2416"]
[BlackElo "2133"]
[WhiteFideId "4181751"]
[BlackFideId "1130781"]
[EventDate "2014.12.20"]

1. e4 d6 2. d4 Nf6 3. Nc3 g6 4. f4 Bg7 5. Nf3 O-O 6. Bd3 Na6 7. O-O c5 8. d5 Nc7
9. Re1 Bd7 10. a4 e6 11. dxe6 Nxe6 12. f5 Nd4 13. Nxd4 cxd4 14. Nb5 Ne8 15. Qf3
a6 16. Na3 Bxa4 17. Nc4 Bb5 18. Bd2 b6 19. Rf1 Qc7 20. b3 Nf6 21. Bf4 Rad8 22.
g4 Rfe8 23. Nxd6 Rxd6 24. Bxb5 axb5 25. e5 Qc5 26. b4 Qxc2 27. exd6 Nd7 28. Ra8
Rxa8 29. Qxa8+ Bf8 30. Qe8 Nf6 31. d7 Nxd7 32. Qxd7 Qe4 33. fxg6 hxg6 34. Bg3 1-0

[Event "European Rapid 2014"]
[Site "Wroclaw POL"]
[Date "2014.12.21"]
[Round "8.56"]
[White "Kukula, Pawel"]
[Black "Abergel, Thal"]
[Result "1/2-1/2"]
[BlackTitle "GM"]
[WhiteElo "2256"]
[BlackElo "2400"]
[WhiteFideId "1115081"]
[BlackFideId "614890"]
[EventDate "2014.12.20"]

1. d4 Nf6 2. c4 e6 3. Nf3 c5 4. d5 b5 5. dxe6 fxe6 6. cxb5 d5 7. g3 Bd6 8. Bg2
O-O 9. O-O Qe7 10. Bg5 h6 11. Bxf6 Qxf6 12. Nc3 Bb7 13. Qc2 Nd7 14. a4 Rab8 15.
Rad1 Ne5 16. Nxe5 Bxe5 17. e3 a6 18. f4 Bc7 19. e4 axb5 20. exd5 exd5 21. Nxd5
Bxd5 22. Rxd5 bxa4 23. Rd2 Kh8 24. Kh1 Ba5 25. Re2 Qd4 26. Rd1 Rxb2 27. Rxd4
Rxc2 28. Rxc2 cxd4 29. Rc4 a3 30. Ra4 Re8 31. Bc6 Re1+ 32. Kg2 Bb4 33. Kf2 Rc1
34. Be4 Be1+ 35. Ke2 g5 36. Rxa3 gxf4 37. gxf4 Bc3 38. Kd3 Re1 39. Ra8+ Kg7 40.
Ra7+ Kf6 41. Ra6+ Ke7 42. Bf5 h5 43. Rh6 Rd1+ 44. Kc4 Bd2 45. Rxh5 Bxf4 46. Bd3
Be3 47. h4 Ke6 48. Bf5+ Kf6 49. Bd3 Rc1+ 50. Kd5 Rc3 51. Ke4 Rc1 52. Ra5 Rh1 53.
h5 Rh4+ 54. Kf3 Rh2 55. Ke4 Kg7 56. Rd5 Rh4+ 57. Kf3 Kh6 58. Bg6 Rf4+ 59. Kg3
Rf6 60. Kg4 Rf1 61. Rd7 Rf4+ 62. Kg3 Kg5 63. Rd5+ Kf6 64. Rd8 Ke7 65. Rd5 Ke6
66. Rd8 Rf6 67. Kg4 Ke7 68. Rd5 Rb6 69. Bf5 Rb4 70. Kf3 Kf6 71. Bg6 Rb8 72. Rd7
Rf8 73. Ke4 Kg5 74. Rf7 Rb8 75. Rd7 Rb2 76. Rd5+ Kh6 77. Rd7 Rd2 78. Kf5 Rf2+
79. Kg4 Rf4+ 80. Kg3 Rf8 81. Kg4 Rf4+ 82. Kg3 Kg5 83. Rd5+ Kf6 84. Rd8 Ke5 85.
Re8+ Kd6 86. h6 Rf6 87. h7 Rxg6+ 88. Kf3 Rh6 89. h8=Q Rxh8 90. Rxh8 Ke5 91. Rd8
Kf5 92. Rd5+ Ke6 93. Ke4 Bg1 94. Rg5 Be3 95. Rg6+ Kd7 96. Rg3 Ke6 97. Rxe3 dxe3
98. Kxe3 Ke5 1/2-1/2

[Event "European Rapid 2014"]
[Site "Wroclaw POL"]
[Date "2014.12.21"]
[Round "8.57"]
[White "Weichhold, Pawel"]
[Black "Jacek, Krystian"]
[Result "1-0"]
[WhiteTitle "IM"]
[WhiteElo "2405"]
[BlackElo "2165"]
[WhiteFideId "1139703"]
[BlackFideId "1133780"]
[EventDate "2014.12.20"]

1. c4 e5 2. g3 Nc6 3. Bg2 g6 4. Nc3 d6 5. Rb1 Bg7 6. b4 f5 7. b5 Nce7 8. d3 Nf6
9. e4 O-O 10. Nge2 h6 11. O-O g5 12. exf5 Nxf5 13. a4 Rb8 14. a5 Qe8 15. Ba3 b6
16. a6 Ne7 17. d4 Bg4 18. dxe5 dxe5 19. h3 Rd8 20. Nd5 Nfxd5 21. cxd5 Bf5 22.
Rc1 Qd7 23. Qb3 Rf7 24. g4 Bg6 25. d6 cxd6 26. Rcd1 Qc7 27. Rc1 Qb8 28. Rfd1 Kh7
29. Ng3 d5 30. Bxe7 Rxe7 31. Rxd5 Rxd5 32. Qxd5 Rc7 33. Rc6 Re7 34. Rxg6 1-0

[Event "European Rapid 2014"]
[Site "Wroclaw POL"]
[Date "2014.12.21"]
[Round "8.58"]
[White "Lewicki, Miroslaw"]
[Black "Putka, Verners"]
[Result "0-1"]
[WhiteTitle "CM"]
[WhiteElo "2208"]
[BlackElo "2345"]
[WhiteFideId "1113380"]
[BlackFideId "11600659"]
[EventDate "2014.12.20"]

1. e4 e5 2. Nf3 Nf6 3. Nc3 Nc6 4. Bc4 Nxe4 5. Nxe4 d5 6. Bd3 dxe4 7. Bxe4 Bd6 8.
d4 exd4 9. Bxc6+ bxc6 10. Qxd4 O-O 11. O-O Bf5 12. b3 Qd7 13. Bb2 f6 14. Rad1
Qf7 15. c4 c5 16. Qc3 Be4 17. Rfe1 Rfe8 18. g3 Bc6 19. Rxe8+ Rxe8 20. Re1 Rxe1+
21. Nxe1 Qg6 22. Qd3 Qg4 23. Qe3 Kf7 24. Ba3 Qh5 25. f3 Qf5 26. Nd3 Bxf3 27.
Bxc5 Bxc5 28. Nxc5 Bg4 29. Nd3 Bh3 30. Qe2 g5 31. Nf2 g4 32. Qe4 Qh5 33. Qd5+
Qxd5 34. cxd5 Ke7 35. Nd3 Kd6 36. Nf4 Ke5 37. Kf2 f5 38. Ne6 c6 39. Ng5 Kxd5 40.
Nxh7 Kd4 41. Ng5 c5 42. Ne6+ Kd5 43. Nc7+ Kc6 44. Ne8 Kd5 45. Ke3 Bg2 46. Ng7
Be4 47. Nh5 Bb1 48. Nf4+ Ke5 49. a3 a5 50. Nd3+ Bxd3 51. Kxd3 f4 52. gxf4+ Kxf4
53. Kc4 Kf3 54. Kxc5 Kg2 55. b4 axb4 56. axb4 Kxh2 57. b5 g3 58. b6 g2 59. b7
g1=Q+ 60. Kc6 Qg3 0-1

[Event "European Rapid 2014"]
[Site "Wroclaw POL"]
[Date "2014.12.21"]
[Round "8.59"]
[White "Zawadzka, Jolanta"]
[Black "Iwanow, Anna"]
[Result "1-0"]
[WhiteTitle "WGM"]
[BlackTitle "WIM"]
[WhiteElo "2419"]
[BlackElo "2290"]
[WhiteFideId "1122320"]
[BlackFideId "1135988"]
[EventDate "2014.12.20"]

1. e4 c5 2. Nf3 e6 3. d4 cxd4 4. Nxd4 a6 5. Bd3 Bc5 6. Nb3 Be7 7. O-O d6 8. c4
Nf6 9. Nc3 Nbd7 10. Be3 b6 11. f3 Bb7 12. Qd2 O-O 13. Rfd1 Rc8 14. Bf1 Ne5 15.
Qd4 Nfd7 16. Rac1 f5 17. Kh1 fxe4 18. Nxe4 Rxf3 19. gxf3 Nxf3 20. Qd3 Nde5 21.
Qc2 Qe8 22. Nbd2 Qh5 23. Nxf3 Nxf3 24. Bg1 Qe5 25. Bg2 Bxe4 26. Qe2 Nxg1 27.
Qxe4 Qxe4 28. Bxe4 Ne2 29. Rc2 Nf4 30. Bb7 Rc5 31. Bxa6 Ra5 32. Bc8 Rxa2 33. Rf2
e5 34. c5 bxc5 35. Rxf4 Rxb2 36. Be6+ Kh8 37. Rf7 1-0

[Event "European Rapid 2014"]
[Site "Wroclaw POL"]
[Date "2014.12.21"]
[Round "8.60"]
[White "Machan, Jan"]
[Black "Butkiewicz, Lukasz"]
[Result "0-1"]
[BlackTitle "IM"]
[WhiteElo "2240"]
[BlackElo "2422"]
[WhiteFideId "334774"]
[BlackFideId "1122428"]
[EventDate "2014.12.20"]

1. d4 Nf6 2. c4 e6 3. Nf3 c5 4. Nc3 cxd4 5. Nxd4 Bb4 6. Nb5 d5 7. a3 Bxc3+ 8.
Nxc3 d4 9. Na2 Nc6 10. b4 O-O 11. g3 e5 12. Bg2 Be6 13. Qd3 e4 14. Bxe4 Nxe4 15.
Qxe4 Bxc4 16. Qc2 Qd5 17. O-O Rfe8 18. e3 Bxf1 0-1

[Event "European Rapid 2014"]
[Site "Wroclaw POL"]
[Date "2014.12.21"]
[Round "8.61"]
[White "Krzyzanowski, Marcin"]
[Black "Adamowicz, Katarzyna"]
[Result "1-0"]
[WhiteTitle "IM"]
[BlackTitle "WFM"]
[WhiteElo "2400"]
[BlackElo "2194"]
[WhiteFideId "1132199"]
[BlackFideId "1134043"]
[EventDate "2014.12.20"]

1. d4 d5 2. c4 e6 3. Nc3 Nf6 4. cxd5 exd5 5. Bg5 Be7 6. e3 c6 7. Bd3 Nbd7 8. Qc2
Nf8 9. Nge2 Ng6 10. O-O-O O-O 11. h4 Re8 12. h5 Nf8 13. Kb1 b5 14. f3 a5 15. h6
g6 16. e4 dxe4 17. Nxe4 Nxe4 18. Bxe7 Qxe7 19. fxe4 a4 20. d5 cxd5 21. exd5 b4
22. Rhf1 Qe3 23. Qc6 Bg4 24. Qf6 Qxh6 25. Qxf7+ Kh8 26. Rde1 a3 27. Nf4 Rxe1+
28. Rxe1 Qg7 29. Qxg7+ Kxg7 30. Re4 g5 31. Ne2 Bf5 32. Rd4 Bxd3+ 33. Rxd3 Nd7
34. bxa3 bxa3 35. Re3 Kf6 36. Re6+ Kf7 37. Nc3 Nc5 38. Rc6 Rb8+ 39. Kc1 Nd3+ 40.
Kd2 Ne5 41. Rc7+ Kg6 42. Ke3 Rb4 43. d6 Nc4+ 44. Rxc4 Rxc4 45. d7 Rxc3+ 46. Kd2
Rg3 47. d8=Q Rxg2+ 48. Ke3 Rg3+ 49. Kf2 Rh3 50. Qe8+ Kf6 51. Qc6+ Ke5 52. Qc5+
Ke4 53. Qe7+ Kf4 54. Qd6+ Kg4 55. Kg2 Rh4 56. Qxa3 Kh5 57. Qf3+ Kg6 58. a4 h5 1-0

[Event "European Rapid 2014"]
[Site "Wroclaw POL"]
[Date "2014.12.21"]
[Round "8.62"]
[White "Kossobudzki, Robert"]
[Black "Maier, Christian"]
[Result "0-1"]
[BlackTitle "IM"]
[WhiteElo "2065"]
[BlackElo "2379"]
[WhiteFideId "1107887"]
[BlackFideId "4601955"]
[EventDate "2014.12.20"]

1. Nf3 c5 2. e4 e6 3. d4 cxd4 4. c3 d5 5. exd5 exd5 6. cxd4 Bd6 7. Bd3 Ne7 8.
O-O Nbc6 9. Nc3 O-O 10. h3 h6 11. a3 Be6 12. Re1 Rc8 13. b4 Nxb4 14. axb4 Rxc3
15. Bb2 Rc8 16. b5 Bb8 17. Ne5 Re8 18. Qh5 Qb6 19. Re3 f5 20. Rae1 Qd6 21. Rg3
Kh7 22. Ba3 Qxa3 23. Bxf5+ Bxf5 24. Rxa3 Rf8 25. Qh4 Ng8 26. Raa1 Nf6 27. Rac1
Bd6 28. g4 Bc2 29. g5 Ne4 30. g6+ Kg8 31. Nf7 Bb4 32. Rxe4 Bxe4 33. Rxc8 Rxc8
34. Nxh6+ gxh6 35. Qxh6 Rc1+ 36. Kh2 Rh1+ 37. Kg3 Rg1+ 38. Kf4 Bd2+ 0-1

[Event "European Rapid 2014"]
[Site "Wroclaw POL"]
[Date "2014.12.21"]
[Round "8.63"]
[White "Schwarz, Dusan"]
[Black "Zareba, Radoslaw"]
[Result "1-0"]
[WhiteElo "2342"]
[BlackElo "2073"]
[WhiteFideId "14903890"]
[BlackFideId "1133705"]
[EventDate "2014.12.20"]

1. d4 Nf6 2. c4 c5 3. d5 b5 4. cxb5 a6 5. e3 g6 6. Nc3 d6 7. Nf3 Bg7 8. a4 O-O
9. Ra3 Bg4 10. Be2 axb5 11. Bxb5 Na6 12. h3 Bf5 13. Qe2 Nb4 14. e4 Bd7 15. O-O
Bxb5 16. Nxb5 Nd7 17. Bf4 Ra5 18. Nc3 Nb6 19. Rc1 c4 20. Be3 Nd3 21. Rd1 Nc5 22.
Bxc5 dxc5 23. e5 Qa8 24. Ne4 Rxa4 25. Rxa4 Qxa4 26. d6 exd6 27. Nxd6 Qb3 28. Rc1
Qd3 29. Qxd3 cxd3 30. Rxc5 Na4 31. Rb5 Rd8 32. Ne4 Rc8 33. Rb4 Rc1+ 34. Kh2 Nc5
35. Nxc5 Rxc5 36. Rb8+ Bf8 37. Rd8 Rc2 38. Rxd3 Rxb2 39. Rd2 Rb3 40. Kg3 Kg7 41.
Kf4 Bc5 42. Ne1 Rb4+ 43. Kf3 Rb3+ 44. Nd3 Bb4 45. Rd1 Be7 46. Ke4 Ra3 47. f4
Ra4+ 48. Ke3 Ra2 49. Rd2 Ra1 50. Rc2 h5 51. Rc7 Kf8 52. e6 fxe6 53. Ne5 Bd6 54.
Nxg6+ Kg8 55. Rc6 Rd1 56. Ke2 Rd5 57. Ke3 Kf7 58. Nh4 Bc5+ 59. Ke4 Rd4+ 60. Kf3
Rd3+ 61. Ke2 Rd5 62. Nf3 Be7 1-0

[Event "European Rapid 2014"]
[Site "Wroclaw POL"]
[Date "2014.12.21"]
[Round "8.64"]
[White "Grela, Kacper"]
[Black "Kashlinskaya, Alina"]
[Result "0-1"]
[BlackTitle "IM"]
[WhiteElo "2096"]
[BlackElo "2439"]
[WhiteFideId "1154141"]
[BlackFideId "4198026"]
[EventDate "2014.12.20"]

1. e4 e6 2. d4 d5 3. Nd2 c5 4. exd5 Qxd5 5. Ngf3 cxd4 6. Bc4 Qd7 7. O-O Nc6 8.
Nb3 Nf6 9. Nfxd4 Nxd4 10. Nxd4 a6 11. c3 Qc7 12. Qe2 Bd6 13. h3 Bh2+ 14. Kh1 Bf4
15. Bxf4 Qxf4 16. Rad1 O-O 17. Qf3 Qc7 18. Bb3 e5 19. Nc2 Bd7 20. Ne3 e4 21. Qg3
Qxg3 22. fxg3 Bb5 23. c4 Bc6 24. g4 Nd7 25. Bc2 a5 26. Bxe4 Bxe4 27. Rxd7 Bc6
28. Rd6 Rfe8 29. Nd5 Re2 30. a3 a4 31. Kg1 h6 32. Rf2 Re1+ 33. Kh2 Rae8 34. Nb4
Be4 35. Rd7 Bg6 36. Rxb7 R8e2 37. Kg3 Re3+ 38. Kh2 R3e2 39. Kg3 Re3+ 40. Kh4 Be4
41. Rbxf7 Bxg2 42. Rf8+ Kh7 43. g5 Rxh3+ 44. Kg4 h5+ 45. Kf5 Be4+ 46. Ke6 Rg3
47. Kd6 Rxg5 48. Nd5 Rd1 49. Kc6 Rd4 50. Kc5 Rd3 51. R8f4 Bxd5 52. cxd5 Rgxd5+
53. Kb6 R3d4 54. Rxd4 Rxd4 55. Kc5 Re4 56. Kb5 h4 57. b4 axb3 58. a4 h3 59. a5
Rh4 60. Rf1 h2 61. Rh1 b2 62. a6 b1=Q+ 0-1

[Event "European Rapid 2014"]
[Site "Wroclaw POL"]
[Date "2014.12.21"]
[Round "8.65"]
[White "Chomczyk, Marek"]
[Black "Lewtak, Damian"]
[Result "1-0"]
[WhiteElo "2057"]
[BlackElo "2340"]
[WhiteFideId "1125826"]
[BlackFideId "1141724"]
[EventDate "2014.12.20"]

1. d4 d5 2. c4 c6 3. Nc3 Nf6 4. e3 e6 5. Nf3 Nbd7 6. Bd2 Bd6 7. Qc2 a6 8. c5 Be7
9. Bd3 Qc7 10. e4 dxe4 11. Nxe4 h6 12. O-O O-O 13. Rae1 Re8 14. Qc1 Nxe4 15.
Bxe4 Bf6 16. b4 Qd8 17. a4 e5 18. d5 cxd5 19. Bxd5 Nf8 20. Be4 Qc7 21. Bc3 a5
22. Qb2 axb4 23. Qxb4 Nd7 24. Rc1 Nb8 25. Qb5 Rd8 26. Rfd1 Rxd1+ 27. Rxd1 Nc6
28. Nxe5 Bxe5 29. Bxe5 Qxe5 30. Qxc6 Bg4 31. Qxb7 Rb8 32. Qd5 Qe7 33. f3 Be6 34.
Qd6 Qe8 35. c6 Bb3 36. c7 Rc8 37. Ra1 g6 38. a5 Ba4 39. a6 f5 40. Bd5+ Kh7 41.
a7 Qe3+ 42. Kh1 Qxa7 43. Qe7+ Kh8 44. Qf6+ Kh7 45. Bf7 Qe3 46. Bxg6+ Kg8 47.
Qf7+ 1-0

[Event "European Rapid 2014"]
[Site "Wroclaw POL"]
[Date "2014.12.21"]
[Round "9.1"]
[White "Duda, Jan-Krzysztof"]
[Black "Kovalenko, Igor"]
[Result "1-0"]
[WhiteTitle "GM"]
[BlackTitle "GM"]
[WhiteElo "2603"]
[BlackElo "2653"]
[WhiteFideId "1170546"]
[BlackFideId "14117908"]
[EventDate "2014.12.20"]

1. e4 c6 2. d4 d5 3. Nc3 dxe4 4. Nxe4 Nd7 5. Bc4 Ngf6 6. Ng5 e6 7. Qe2 Nb6 8.
Bd3 h6 9. N5f3 c5 10. dxc5 Nbd7 11. Ne5 Nxe5 12. Qxe5 Nd7 13. Qd4 Nxc5 14. Qxd8+
Kxd8 15. Bc4 Ne4 16. Be3 Bc5 17. O-O-O+ Ke7 18. Bxc5+ Nxc5 19. Ne2 Bd7 20. Nd4
Rhd8 21. Rhe1 Kf8 22. f4 Rac8 23. Be2 Be8 24. Bf3 b5 25. Re5 Rd6 26. b4 Na6 27.
a3 Rb6 28. Kb2 Rbb8 29. Rd3 Rd8 30. Kc3 Nc7 31. Kd2 a6 32. Rc5 Na8 33. Nc6 Bxc6
34. Rxc6 Rxd3+ 35. cxd3 Nb6 36. Rc7 Rd8 37. g3 Rd6 38. Ke3 g5 39. Ra7 Kg7 40.
Bh5 Nd7 41. Rc7 Kf6 42. Bf3 gxf4+ 43. gxf4 Nb6 44. Ra7 Kg7 45. Ke4 Nd7 46. d4
Kg6 47. h3 h5 48. Kd3 Nf6 49. Rc7 Nd5 50. Bxd5 Rxd5 51. Ke4 Rd6 52. Rc5 h4 53.
Ke5 Rd8 54. Rc6 Ra8 55. f5+ Kg5 56. fxe6 fxe6 57. Kxe6 a5 58. Rc5+ Kf4 59. Rxb5
axb4 60. axb4 Ra6+ 61. Ke7 Ra7+ 62. Ke6 Ra6+ 63. Kd7 Ra3 64. d5 Rxh3 65. d6 Rb3
66. Kc8 Rc3+ 67. Rc5 Rxc5+ 68. bxc5 h3 69. d7 h2 70. d8=Q h1=Q 71. Qf6+ Ke3 72.
c6 Kd3 73. c7 Qa8+ 74. Kd7 Qa4+ 75. Kd8 Qa5 76. Qd6+ Ke2 77. Qe6+ Kf2 78. Kd7
Qa4+ 79. Ke7 Qa7 80. Qf6+ Kg1 81. Qg5+ Kh1 82. Qc1+ Kh2 83. Qc2+ Kh1 84. Qc6+
Kh2 85. Kd7 Kg1 86. Qc4 Kh1 87. Qb4 Qf2 88. Qe4+ Kg1 89. c8=Q Qf7+ 90. Kc6 Qf6+
91. Qce6 Qc3+ 92. Q4c4 Qf3+ 93. Kb6 1-0

[Event "European Rapid 2014"]
[Site "Wroclaw POL"]
[Date "2014.12.21"]
[Round "9.2"]
[White "Kovalev, Vladislav"]
[Black "Wojtaszek, Radoslaw"]
[Result "1-0"]
[WhiteTitle "GM"]
[BlackTitle "GM"]
[WhiteElo "2539"]
[BlackElo "2744"]
[WhiteFideId "13504398"]
[BlackFideId "1118358"]
[EventDate "2014.12.20"]

1. e4 c5 2. Nf3 d6 3. d4 cxd4 4. Qxd4 Nf6 5. Bg5 Nc6 6. Bb5 Qa5+ 7. Nc3 Qxb5 8.
Nxb5 Nxd4 9. Nfxd4 Nxe4 10. Nc7+ Kd8 11. Nxa8 Nxg5 12. Nb5 a6 13. Nc3 Bf5 14.
O-O-O Ne4 15. Nxe4 Bxe4 16. f3 Bc6 17. Nb6 g5 18. Nc4 Kc7 19. Na5 Bd7 20. Rhe1
b6 21. Nc4 b5 22. Ne3 e6 23. c4 Bg7 24. Re2 Bc6 25. cxb5 axb5 26. Nc2 d5 27. Nb4
Bb7 28. Rc2+ Kd6 29. Kb1 Rc8 30. Rxc8 Bxc8 31. Rc1 Bb7 32. b3 Bd4 33. a4 bxa4
34. bxa4 Bc5 35. Nd3 Bb6 36. Kc2 Ba6 37. Rb1 Ba7 38. Nb4 Bc4 39. Nd3 Ba6 40. h4
gxh4 41. Rh1 e5 42. Rxh4 Be3 43. Rxh7 e4 44. Nb4 Bc4 45. fxe4 dxe4 46. Kc3 Be6
47. a5 Kc5 48. Nc2 Bg5 49. Rh5 f6 50. Nd4 Bg4 51. Rh7 Be3 52. Nc2 Kd5 1-0

[Event "European Rapid 2014"]
[Site "Wroclaw POL"]
[Date "2014.12.21"]
[Round "9.3"]
[White "Moranda, Wojciech"]
[Black "Moiseenko, Alexander"]
[Result "1/2-1/2"]
[WhiteTitle "GM"]
[BlackTitle "GM"]
[WhiteElo "2591"]
[BlackElo "2692"]
[WhiteFideId "1122401"]
[BlackFideId "14102560"]
[EventDate "2014.12.20"]

1. d4 Nf6 2. c4 e6 3. Nf3 d5 4. Nc3 Bb4 5. Qa4+ Nc6 6. Bg5 h6 7. Bxf6 Qxf6 8. e3
O-O 9. Be2 Bd7 10. Qb3 dxc4 11. Qxc4 Bd6 12. O-O Qg6 13. Rfd1 Rad8 14. Rac1 e5
15. d5 Ne7 16. Bd3 Qg4 17. Ne4 Bf5 18. h3 Qh5 19. Ng3 Bxd3 20. Qxd3 Qg6 21. Qxg6
Nxg6 22. Nf5 Rd7 23. Nd2 Rfd8 24. Nc4 Bf8 25. e4 c6 26. Nce3 Nf4 27. dxc6 Rxd1+
28. Rxd1 Rxd1+ 29. Nxd1 bxc6 30. Nfe3 Bc5 31. Nc4 Bd4 32. Kf1 Kf8 33. h4 Ke7 34.
g3 Nd3 35. a3 Nc5 36. f3 g6 37. Ke2 f5 38. b4 Nd7 39. Nde3 Ke6 40. Na5 fxe4 41.
fxe4 Kd6 42. Nec4+ Kc7 43. Nb3 Nb6 44. Nxb6 Bxb6 45. Nd2 h5 46. Kf3 Bd4 47. g4
Kd6 48. gxh5 gxh5 49. Ke2 Ke6 50. Kd3 Bf2 51. Nf3 Kd6 52. Ke2 Bg3 53. Kd3 a6 54.
Kc4 Bf2 55. Kd3 1/2-1/2

[Event "European Rapid 2014"]
[Site "Wroclaw POL"]
[Date "2014.12.21"]
[Round "9.4"]
[White "Alekseenko, Kirill"]
[Black "Fedorchuk, Sergey A."]
[Result "1/2-1/2"]
[WhiteTitle "FM"]
[BlackTitle "GM"]
[WhiteElo "2499"]
[BlackElo "2669"]
[WhiteFideId "4135539"]
[BlackFideId "14102536"]
[EventDate "2014.12.20"]

1. e4 c5 2. Nf3 e6 3. d4 cxd4 4. Nxd4 a6 5. Nc3 d6 6. Be2 Nf6 7. O-O Nbd7 8. f4
b5 9. Bf3 Bb7 10. Re1 Rc8 11. a4 b4 12. Nd5 g6 13. Nxb4 Bg7 14. c3 O-O 15. e5
Bxf3 16. Qxf3 dxe5 17. fxe5 Nd5 18. Nxd5 exd5 19. Bf4 Nc5 20. Qh3 Qb6 21. Bh6
Bxh6 22. Qxh6 Ne6 23. Qd2 Rc4 24. a5 Qc5 25. Red1 Rb8 26. Qf2 Nxd4 27. cxd4 Qc7
28. Qf3 Qc6 29. Rf1 Qe6 30. Qe2 Rxd4 31. Rf6 Re4 32. Qxa6 Qxa6 33. Rxa6 Rxb2 34.
Rb6 Rxb6 35. axb6 Rb4 36. Ra8+ Kg7 37. Rb8 1/2-1/2

[Event "European Rapid 2014"]
[Site "Wroclaw POL"]
[Date "2014.12.21"]
[Round "9.5"]
[White "Inarkiev, Ernesto"]
[Black "Bosiocic, Marin"]
[Result "0-1"]
[WhiteTitle "GM"]
[BlackTitle "GM"]
[WhiteElo "2680"]
[BlackElo "2555"]
[WhiteFideId "4162722"]
[BlackFideId "14507927"]
[EventDate "2014.12.20"]

1. c4 Nf6 2. Nc3 e5 3. g3 Bb4 4. Bg2 O-O 5. Nf3 Bxc3 6. bxc3 Re8 7. O-O c6 8.
Qb3 d5 9. d4 e4 10. Ne5 Nbd7 11. Nxd7 Qxd7 12. cxd5 cxd5 13. Bg5 Nh5 14. c4 Qf5
15. Be3 dxc4 16. Qxc4 Nf6 17. Rab1 Qh5 18. f3 Be6 19. Qa4 Bd5 20. Bf4 exf3 21.
exf3 Bc6 22. Qb3 Nd5 23. Bd2 Re2 24. Qd3 Rae8 25. Rbe1 Bb5 26. Qxb5 Rxg2+ 27.
Kxg2 Nf4+ 28. Bxf4 Qxb5 29. Rxe8+ Qxe8 30. Rf2 Qd7 31. Rc2 h6 32. Be3 b6 33. Bf2
Qd5 34. Rb2 Kf8 35. Rc2 Ke8 36. Rc7 Qxa2 37. d5 Qxd5 38. Rxa7 b5 39. Ra5 Kf8 40.
Be1 Kg8 41. g4 Qd1 42. Kf2 Qc2+ 43. Kg3 Qb1 44. Bf2 Qd3 45. Be1 Kh7 46. Ra7 Qe2
47. Bf2 Qc4 48. Rb7 b4 49. Be3 b3 50. Bf4 Qc3 51. Bc1 Qxc1 52. Rxb3 Qg1+ 53. Kh3
Qf2 54. Ra3 Kg6 55. Ra6+ f6 56. Ra3 Kg5 57. Rb3 Kf4 58. Ra3 g6 59. Rb3 Qf1+ 60.
Kh4 Qg2 61. Rb4+ Kxf3 62. Rb3+ Ke4 63. Rb4+ Kd5 0-1